Las encuestas: ¿son ciertas o falsas? /
Guardado en:
| Hovedforfatter: | |
|---|---|
| Format: | Bog |
| Sprog: | Spanish |
| Tags: |
Tilføj Tag
Ingen Tags, Vær først til at tagge denne postø!
|
MARC
| LEADER | 00000nam a22000007a 4500 | ||
|---|---|---|---|
| 003 | cru CIDCACS/IIS | ||
| 005 | 20170519142513.0 | ||
| 007 | ta | ||
| 008 | 170519s2016 pn ||||| |||| 00| 0 spa d | ||
| 040 | |c cru CIDCACS/IIS | ||
| 100 | 1 | |9 4838 |a Arauz C., José Diones | |
| 245 | 1 | 4 | |a Las encuestas: |b ¿son ciertas o falsas? / |c José Diones Araúz C. |
| 300 | |a páginas 32-40 | ||
| 773 | 0 | |0 19259 |9 895 |a Desarrollo Social y Cultural (Panamá) |d Panamá: Lotería Nacional de Beneficencia |o 19299 |t Lotería: |x 0024662X | |
| 942 | |2 ddc |c PP | ||
| 999 | |c 19354 |d 19354 | ||
